000
00329nam a22001457a 4500
008
230901b ||||| |||| 00| 0 eng d
020
_a
9780801480973
041
_a
eng
080
_a
101
082
_a
101BAD
100
_a
40
101
_a
FILOZ
245
_a
FRIENDSHIP A PHILOSOPHICAL READER
_c
BADHWAR.K.N
942
_2
udc
_c
BK
999
_c
60231
_d
60231